000 00476nam a2200181Ia 4500
001 17456
005 20260306171518.0
008 260306s9999||||xx |||||||||||||| ||und||
041 _aESP
082 _a658
_bF58
100 _aFlint, Pinkas
_eAUT
245 0 _aGerencia integral:
_bvisión multidisciplinaria de la gerencia y el derecho empresarial
260 _c2006
300 _a1021 páginas :
_c24 cm.
650 _aGEN
654 _aCAN
942 _cLIB
_dJUS
_fJUS
_2ddc
_n
999 _c17456
_d17456